Názory informačný bulletin

Na minha lista:
Detalhes bibliográficos
Formato: Periódico
Idioma:eslovaco
Publicado em: Bratislava Ústav pre výskum verejnej mienky pri Štatistickom úrade Slovenskej republiky 1997
Assuntos:
Tags: Adicionar Tag
Sem tags, seja o primeiro a adicionar uma tag!

MARC

LEADER 00000nas2a2200000 4500
001 s121324
005 20221220131111.5
041 0 |a slo 
044 |a SK 
245 1 0 |a Názory  |b informačný bulletin 
264 1 |a Bratislava  |b Ústav pre výskum verejnej mienky pri Štatistickom úrade Slovenskej republiky  |c 1997 
300 |a 1 zv. 
773 0 |w eu_un_cat*s121268 
610 2 0 |a mienka verejná 
610 2 0 |a občania